[Event "SWE-chT 1920 Elite"]
[Site "Sweden"]
[Date "2020.02.01"]
[Round "5.1"]
[White "Smith, Axel"]
[Black "Alle, Ambjorn"]
[Result "0-1"]
[WhiteElo "2461"]
[BlackElo "2256"]
[PlyCount "74"]
[EventDate "2019.10.18"]
[EventType "team-tourn"]
[EventRounds "9"]
[EventCountry "SWE"]
[SourceTitle "CBM 194 Extra"]
[Source "ChessBase"]
[SourceDate "2020.03.31"]
[SourceVersion "1"]
[SourceVersionDate "2020.03.31"]
[SourceQuality "1"]
[WhiteTeam "Lunds"]
[BlackTeam "Vaxjo"]
[WhiteTeamCountry "SWE"]
[BlackTeamCountry "SWE"]

1. d4 d5 2. c4 e6 3. Nc3 a6 4. cxd5 exd5 5. Nf3 Nf6 6. Bg5 Be6 7. e3 Nbd7 8. Bd3 h6 9. Bh4 g5 10. Bg3 Nh5 11. Be5 Ng7 12. h3 Nxe5 13. Nxe5 Bd6 14. Qf3 c6 15. Rc1 Qe7 16. a3 h5 17. Qe2 Bf5 18. e4 dxe4 19. Nxe4 Bxe4 20. Bxe4 Kf8 21. 0-0 Ne6 22. Qe3 Rd8 23. Rfd1 Kg7 24. Qc3 Qf6 25. Nc4 Bf4 26. Ne3 Rhe8 27. d5 Be5 28. Qe1 Nd4 29. g3 cxd5 30. Nxd5 Nf3+ 31. Bxf3 Qxf3 32. Qe3 Qf5 33. Qb3 Qxh3 34. Rd3 h4 35. Re1 hxg3 36. fxg3 Bd4+ 37. Rxd4 Rxe1+ 0-1

[Event "SWE-chT 1920 Elite"]
[Site "Sweden"]
[Date "2019.10.20"]
[Round "3.5"]
[White "Alle, Ambjorn"]
[Black "Akesson, Ralf"]
[Result "1/2-1/2"]
[WhiteElo "2256"]
[BlackElo "2370"]
[PlyCount "83"]
[EventDate "2019.10.18"]
[EventType "team-tourn"]
[EventRounds "9"]
[EventCountry "SWE"]
[SourceTitle "CBM 194 Extra"]
[Source "ChessBase"]
[SourceDate "2020.03.31"]
[SourceVersion "1"]
[SourceVersionDate "2020.03.31"]
[SourceQuality "1"]
[WhiteTeam "Vaxjo"]
[BlackTeam "Vasteras"]
[WhiteTeamCountry "SWE"]
[BlackTeamCountry "SWE"]

1. c4 c5 2. Nf3 Nf6 3. Nc3 e6 4. e3 a6 5. g3 Nc6 6. Bg2 b5 7. b3 Be7 8. 0-0 0-0 9. d4 bxc4 10. bxc4 Na5 11. Rb1 cxd4 12. exd4 Ra7 13. d5 Nxc4 14. Bf4 exd5 15. Nxd5 Rb7 16. Nd4 Nxd5 17. Bxd5 Rxb1 18. Qxb1 Nb6 19. Be4 Bf6 20. Rd1 Na4 21. Qb4 Re8 22. Bf3 Bxd4 23. Qxd4 Qa5 24. Kg2 d5 25. Qxd5 Qxd5 26. Rxd5 Nc3 27. Ra5 f6 28. h4 Kf7 29. Ra3 Nb5 30. Rd3 Bf5 31. Rd2 Re7 32. a4 Nc3 33. a5 Be4 34. Rd8 Bxf3+ 35. Kxf3 Nb5 36. Ra8 Nd4+ 37. Kg2 Re6 38. Ra7+ Kg8 39. h5 Rc6 40. Be3 Nc2 41. Bb6 Nb4 42. Ra8+ 1/2-1/2

[Event "SWE-chT 1516 Superettan"]
[Site "Sweden"]
[Date "2015.11.07"]
[Round "2"]
[White "Alle, Ambjorn"]
[Black "Johansson, Carl Fredrik"]
[Result "1-0"]
[WhiteElo "2227"]
[BlackElo "2154"]
[PlyCount "99"]
[EventDate "2015.11.06"]
[EventType "team-tourn"]
[EventRounds "9"]
[EventCountry "SWE"]
[SourceTitle "EXT 2018"]
[Source "ChessBase"]
[SourceDate "2017.10.13"]
[SourceVersion "1"]
[SourceVersionDate "2017.10.13"]
[SourceQuality "1"]
[WhiteTeam "Vaxjo"]
[BlackTeam "Upsala"]
[WhiteTeamCountry "SWE"]
[BlackTeamCountry "SWE"]

1. Nf3 c5 2. c4 Nf6 3. Nc3 d5 4. cxd5 Nxd5 5. d4 e6 6. e3 cxd4 7. exd4 Nxc3 8. bxc3 Qc7 9. Bd2 Be7 10. Bd3 Nd7 11. 0-0 0-0 12. Qe2 Nf6 13. Ne5 b6 14. Rfe1 Bb7 15. Qe3 Rfd8 16. Qh3 b5 17. Ng4 b4 18. Nxf6+ Bxf6 19. Qxh7+ Kf8 20. Rac1 Qd6 21. Rb1 a5 22. a3 b3 23. a4 Rac8 24. Be4 Bd5 25. Bxd5 Qxd5 26. Qd3 Rb8 27. Rb2 Rb7 28. Be3 Qc6 29. Ra1 Rc8 30. Bd2 Be7 31. Qh7 Bf6 32. Qb1 Qc4 33. Ra3 Rcb8 34. g3 e5 35. Qh7 exd4 36. Ra1 Be5 37. Re1 f6 38. Re4 Qd5 39. cxd4 Bxd4 40. Rb1 Bxf2+ 41. Kxf2 Qxd2+ 42. Kg1 Qg5 43. Rbe1 Kf7 44. Qh3 Qc5+ 45. Kf1 b2 46. Qe6+ Kf8 47. Rh4 Qf5+ 48. Qxf5 b1Q 49. Rh8+ Kf7 50. Qd5+ 1-0

[Event "Malmo op"]
[Site "Malmo"]
[Date "2014.12.13"]
[Round "2"]
[White "Alle, Ambjorn"]
[Black "Smith, Axel"]
[Result "1-0"]
[WhiteElo "2232"]
[BlackElo "2479"]
[PlyCount "97"]
[EventDate "2014.12.12"]
[EventType "swiss"]
[EventRounds "7"]
[EventCountry "SWE"]
[SourceTitle "EXT 2016"]
[Source "ChessBase"]
[SourceDate "2015.10.08"]
[SourceVersion "1"]
[SourceVersionDate "2015.10.08"]
[SourceQuality "1"]

1. c4 c5 2. Nf3 Nc6 3. Nc3 g6 4. e3 Nf6 5. d4 cxd4 6. exd4 d5 7. cxd5 Nxd5 8. Qb3 Nxc3 9. Bc4 Nd5 10. Bxd5 e6 11. Bxc6+ bxc6 12. 0-0 Qd5 13. Bg5 Be7 14. Bh6 f6 15. Qc3 Kf7 16. Be3 Rd8 17. Rfc1 Rb8 18. b3 Bb7 19. Ne1 Bd6 20. Qc4 Qh5 21. h3 g5 22. f3 Qg6 23. Nd3 h5 24. Nc5 Bxc5 25. Qxc5 g4 26. fxg4 hxg4 27. hxg4 Qxg4 28. Rf1 Rd7 29. Qe5 Rg8 30. Rxf6+ Ke7 31. Rf2 c5 32. Qxc5+ Ke8 33. Bh6 Qxg2+ 34. Rxg2 Rxg2+ 35. Kh1 Rg5+ 36. d5 Bxd5+ 37. Kh2 Rh5+ 38. Kg3 Rxh6 39. Qc8+ Rd8 40. Qc3 Rg6+ 41. Kh4 Rg2 42. Rf1 Rh2+ 43. Kg3 Rg2+ 44. Kh4 Rh2+ 45. Kg3 Rh7 46. Qf6 Kd7 47. Qg6 Re7 48. Rf7 Rg8 49. Qxg8 1-0

[Event "Politiken Cup 36th"]
[Site "Helsingor"]
[Date "2014.07.22"]
[Round "2"]
[White "Edouard, Romain"]
[Black "Alle, Ambjorn"]
[Result "1-0"]
[WhiteElo "2679"]
[BlackElo "2196"]
[PlyCount "79"]
[EventDate "2014.07.21"]
[EventType "swiss"]
[EventRounds "10"]
[EventCountry "DEN"]
[SourceTitle "CBM 161 Extra"]
[Source "ChessBase"]
[SourceDate "2014.08.29"]
[SourceVersion "1"]
[SourceVersionDate "2014.08.29"]
[SourceQuality "1"]

1. d4 d5 2. c4 c6 3. Nf3 Nf6 4. Nc3 a6 5. e3 Bf5 6. Be2 h6 7. Bd3 Bxd3 8. Qxd3 e6 9. 0-0 Nbd7 10. e4 dxe4 11. Nxe4 Nxe4 12. Qxe4 Nf6 13. Qh4 Bd6 14. Rd1 Qa5 15. c5 Bb8 16. Rd3 Qd8 17. Rb3 Qd7 18. Bf4 Bxf4 19. Qxf4 0-0 20. Ne5 Qc7 21. Rd1 Rad8 22. Qf3 Rd5 23. Rdd3 Rfd8 24. Qf4 Nh5 25. Qh4 Nf6 26. h3 Ne8 27. Qe4 Nf6 28. Qf4 Nh5 29. Qh4 Nf6 30. Rg3 Ne8 31. Rbd3 Kf8 32. a3 f6 33. Ng6+ Kg8 34. Qe4 Qd7 35. Nf4 Rxd4 36. Rxd4 Qxd4 37. Qxe6+ Kh8 38. Ng6+ Kh7 39. Ne7 Nc7 40. Qf7 1-0